コンテンツを見る

Мониторинг финансового состояния и платежеспособности как важнейший инструмент диагностики деятельности предприятий ЖКХ Статья

保存先:
書誌詳細
第一著者: Кован С.Е
フォーマット: Статья
オンライン・アクセス:https://znanium.com/catalog/document?id=173706
https://znanium.com/cover/0435/435049.jpg
タグ: タグ追加
タグなし, このレコードへの初めてのタグを付けませんか!
LEADER 01472nam0a2200205 i 4500
001 RU\infra-m\znanium\bibl\435049
003 https://znanium.com/catalog/document?id=173706
005 20190327000000.0
100 |a 20190327d2013 m y0rusy0150 ca 
101 0 |a rus 
102 |a RU 
200 1 |a Мониторинг финансового состояния и платежеспособности как важнейший инструмент диагностики деятельности предприятий ЖКХ  |e Статья  |f Финансовый университет при Правительстве Российской Федерации 
210 1 |a СПб  |c Общество с ограниченной ответственностью "Издательский дом "Экономика: наука и практика"  |d 2010 
215 |a 8 с. 
333 |a Аспирантура 
608 |a Статья  |2 local 
700 1 |a Кован  |b С.Е.  |g Сергей Евгеньевич  |p Финансовый университет при Правительстве Российской Федерации 
801 0 |a RU  |b Общество с ограниченной ответственностью «ЗНАНИУМ»  |c 20130827  |2 rusmarc 
856 4 |a znanium.com  |m ebs_support@infra-m.ru  |n НИЦ ИНФРА-М  |u https://znanium.com/catalog/document?id=173706 
856 4 1 |a znanium.com  |d /cover/0435  |f 435049.jpg  |q image/jpeg  |u https://znanium.com/cover/0435/435049.jpg